000 00294nam a22001337a 4500
008 170911b xxu||||| |||| 00| 0 eng d
020 _a9780716777625
041 _aeng
080 _a91
100 _a42
101 _aGJEO
245 _aTHE ECONOMY OF NATURE
_cRICKLESS, R.E
942 _2udc
_cBK
999 _c26963
_d26963